| 000 | 01819cam a22003497a 4500 | ||
|---|---|---|---|
| 001 | 17132425 | ||
| 003 | NUST | ||
| 005 | 20221017133359.0 | ||
| 008 | 120124s2011 mau 001 0 eng d | ||
| 010 | _a 2011276610 | ||
| 016 | 7 |
_a015846684 _2Uk |
|
| 020 | _a9781440528200 (pbk.) | ||
| 020 | _a1440528209 (pbk.) | ||
| 035 | _a(OCoLC)ocn719428305 | ||
| 040 |
_aBTCTA _beng _cBTCTA _dUKMGB _dSFR _dBKL _dILC _dYDXCP _dJAO _dVP@ _dQBX _dDLC |
||
| 042 | _alccopycat | ||
| 050 | 0 | 0 |
_aRC682 _b.K48 2011 |
| 082 | 0 | 4 | _a616.1205,KHA |
| 100 | 1 |
_aKhaleghi, Murdoc. _988998 |
|
| 245 | 1 | 4 |
_aThe everything guide to preventing heart disease : _ball you need to know to lower your blood pressure, beat high cholesterol, and stop heart disease in its tracks / _cMurdoc Khaleghi. |
| 246 | 3 | _aPreventing heart disease | |
| 260 |
_aAvon, Mass. : _bAdams Media, _cc2011. |
||
| 300 |
_axii, 291 p. ; _c24 cm. |
||
| 490 | 1 | _aEverything series | |
| 505 | 0 | _aHeart disease (Page-1), Blood pressure (Page-14), Cholesterol (Page-22), Diabetes (Page-33), Smoking (Page-41), Testing (Page-55), Drug therapy (Page-75), Creating your healthy lifestyle (Page-93), Strategies for heart-healthy eating (Page-103), Successful weight management (Page-121), Getting active (Page-132), Stress management for a healthy heart (Page-140), Heart-healthy soup, appetizer, and side-dish recipes (Page-151), Heart-healthy meat and poultry main-dish recipes (Page-172), Heart-healthy fish, pasta, and bean main-dish recipes (Page-209), Heart-healthy bread, dessert, and dressing recipes (Page-231). | |
| 650 | 0 |
_aHeart _xDiseases _xPrevention _vPopular works. _9100478 |
|
| 655 | 0 |
_aCookbooks. _97921 |
|
| 655 | 7 |
_aCookbooks. _2lcgft _97921 |
|
| 830 | 0 |
_aEverything series. _9100479 |
|
| 906 |
_a7 _bcbc _ccopycat _d2 _encip _f20 _gy-gencatlg |
||
| 942 |
_2ddc _cBK |
||
| 999 |
_c591872 _d591872 |
||